| 000 | 00661nam a22001697a 4500 | ||
|---|---|---|---|
| 003 | NUST | ||
| 005 | 20260217144053.0 | ||
| 008 | 260217b ||||| |||| 00| 0 eng d | ||
| 020 | _a978-3030804602 | ||
| 082 |
_a363.3 _bFAT |
||
| 100 |
_aFatimazahra Barramou, El Hassan El Brirchi, Khalifa Mansouri, Youness Dehbi. _9133302 |
||
| 245 |
_a Read sample Geospatial Intelligence: Applications and Future Trends / _bAdvances in Science, Technology & Innovation / _cFatimazahra Barramou, El Hassan El Brirchi, Khalifa Mansouri, Youness Dehbi. |
||
| 260 |
_aSwitzerland: _bSpringer, _c2022. |
||
| 300 |
_ax, 180 p ; _c34.3 cm |
||
| 563 | _aHardcover | ||
| 942 |
_2ddc _cBK |
||
| 999 |
_c616277 _d616277 |
||